000 009450am a2200265 004500
003 EG-GiCUC
008 061128s1994 ua g 000 0 ara d
017 _a94 / 41861
_bمصر.دار الكتب
020 _a977270143x
040 _aEG-GiCUC
_bara
_cEG-GiCUC
050 4 _aBP184.25.
_bJ32 1994
092 0 4 _a213
_bJ271 1994
_221
099 _a04
_a213 J271 1994
100 1 _aالجمل : ابراهيم محمد حسن
245 1 0 _aمواعظ الصحابة رضوان الله عليهم فى الدين والحياة /
_cابراهيم محمد الجمل
250 _aط2
260 _aالقاهرة :
_bالدار المصرية اللبنانية :
_c1994
300 _a205ص ؛
_c24سم
504 _aيشتمل على ارجاعات ببليوجرافية (ص187)
650 7 _aالوعظ والارشاد
_2qrmak
902 _a2
905 _aامل
_eمدخل
905 _aجيهان
_eمراجع
942 _2ddc
_cBK
999 _c89557
_d89557